বিক্রমপুরের বিখ্যাত রাজাবাড়ীর মঠ ও মহারাজা বল্লাল ওরফে নবাব আবুল ওরফে বাদশাহ মঙ্গৎ রায় / (Record no. 26113)

MARC details
000 -LEADER
fixed length control field 01083nam a22002057a 4500
003 - CONTROL NUMBER IDENTIFIER
control field BDDh-ASL
005 - DATE AND TIME OF LATEST TRANSACTION
control field 20231015030612.0
008 - FIXED-LENGTH DATA ELEMENTS--GENERAL INFORMATION
fixed length control field 210926s2012 bg ||||| |||| 00| 0 b d
040 ## - CATALOGING SOURCE
Transcribing agency BDDh-ASL
082 ## - DEWEY DECIMAL CLASSIFICATION NUMBER
Classification number 954.92
Item number KHB
100 1# - MAIN ENTRY--PERSONAL NAME
9 (RLIN) 4630
Personal name খান, জয়নাল আবেদীন
245 10 - TITLE STATEMENT
Title বিক্রমপুরের বিখ্যাত রাজাবাড়ীর মঠ ও মহারাজা বল্লাল ওরফে নবাব আবুল ওরফে বাদশাহ মঙ্গৎ রায় /
246 ## - VARYING FORM OF TITLE
Title proper/short title Bikrampurer Bikkhato Rajabariri Moth
260 ## - PUBLICATION, DISTRIBUTION, ETC.
Place of publication, distribution, etc. ঢাকা:
Name of publisher, distributor, etc. পাঠক সমাবেশ,
Date of publication, distribution, etc. ২০১২।
300 ## - PHYSICAL DESCRIPTION
Dimensions ২২ সে. মি.
Extent ৮৩ পৃষ্ঠা, :
504 ## - BIBLIOGRAPHY, ETC. NOTE
Bibliography, etc. note গ্রন্থপঞ্জি সংযুক্ত ।
650 #0 - SUBJECT ADDED ENTRY--TOPICAL TERM
9 (RLIN) 4586
Topical term or geographic name entry element History (ইতিহাস)
Geographic subdivision Bangladesh (বাংলাদেশ)
651 #0 - SUBJECT ADDED ENTRY--GEOGRAPHIC NAME
Geographic name Bikrampur (বিক্রমপুর) Munshiganj (মুন্সিগঞ্জ)
Geographic subdivision Bangladesh (বাংলাদেশ)
9 (RLIN) 4631
942 ## - ADDED ENTRY ELEMENTS (KOHA)
Source of classification or shelving scheme Dewey Decimal Classification
Koha item type Books
Holdings
Withdrawn status Lost status Source of classification or shelving scheme Damaged status Not for loan Collection code Home library Current library Shelving location Date acquired Source of acquisition Total Checkouts Full call number Barcode Date last seen Copy number Price effective from Koha item type
    Dewey Decimal Classification     Non-fiction Asiatic Society Library Asiatic Society Library General Stacks 09/29/2021 ASB Collection   954.92 KHB 112069 09/29/2021 C-1 09/29/2021 Books
    Dewey Decimal Classification     Non-fiction Asiatic Society Library Asiatic Society Library General Stacks 03/25/2023 Complimentary   954.92 KHB 119947 03/25/2023 C-2 03/25/2023 Books

Powered by Koha